Kompetenčný model zamestnancov vo vybranom odvetví v ére Industry 4.0
Guardado en:
| Autor principal: | |
|---|---|
| Formato: | Capítulo de libro |
| Lenguaje: | eslovaco |
| Materias: | |
| Etiquetas: |
Sin Etiquetas, Sea el primero en etiquetar este registro!
|
MARC
| LEADER | 00000naa$a2200000$$$4500 | ||
|---|---|---|---|
| 001 | 0302902 | ||
| 005 | 20240702100905.7 | ||
| 041 | 0 | |a slo | |
| 044 | |a SK | ||
| 245 | 1 | 0 | |a Kompetenčný model zamestnancov vo vybranom odvetví v ére Industry 4.0 |c Filip Stovíček |
| 500 | |a Abstrakt | ||
| 610 | 2 | 0 | |a kompetencie |
| 610 | 2 | 0 | |a modely kompetenčné |
| 610 | 2 | 0 | |a priemysel 4.0 |
| 610 | 2 | 0 | |a podnik |
| 100 | 1 | |a Stovíček, Filip, 1998- | |